Oscar Wilde Bibliography - Statistics

General Stats
  • This quiz has been taken 111 times
    4 since last reset
  • The average score is 2 of 67
Answer Stats
Type Year Name % Correct
Novel 1890 The Picture of Dorian Gray
75%
Letter 1897 De Profundis
50%
Play 1895 The Importance of Being Earnest
25%
Essay 1894 A Few Maxims for the Instruction of the Over-Educated
0%
Play 1908 A Florentine Tragedy
0%
Short Story Collection 1891 A House of Pomegranates
0%
Play 1895 An Ideal Husband
0%
Poem 1881 Charmides
0%
Poem 1881 Eleutheria
0%
Poem 1881 Flowers of Gold
0%
Poem 1881 Helas
0%
Poem 1881 Humanitad
0%
Poem 1881 Impressions de Théàtre
0%
Essay 1891 Intentions
0%
Play 1892 Lady Windermere's Fan, A Play About a Good Woman
0%
Play 1908 La Sainte Courtisane
0%
Short Story 1891 Lord Arthur Savile's Crime
0%
Short Story Collection 1891 Lord Arthur Savile's Crime and Other Stories
0%
Poem 1881 Magdalen Walks
0%
Poem 1881 Panthea
0%
Essay 1889 Pen, Pencil and Poison
0%
Essay 1894 Phrases and Philosophies for the Use of the Young
0%
Poetry Collection 1881 Poems
0%
Poetry Collection 1894 Poems in Prose
0%
Poem 1878 Ravenna
0%
Poem 1880s Requiescat
0%
Poem 1881 Rosa Mystica
0%
Play 1893 Salomé
0%
Poem 1894 The Artist
0%
Poem 1898 The Ballad of Reading Gaol
0%
Short Story 1891 The Birthday of the Infanta
0%
Poem 1881 The Burden of Itys
0%
Short Story 1891 The Canterville Ghost
0%
Collection of Letters 1962 The Complete Letters of Oscar Wilde
0%
Essay 1889 The Decay of Living - An Observation
0%
Short Story 1888 The Devoted Friend
0%
Poem 1894 The Disciple
0%
Poem 1894 The Doer of Good
0%
Play 1883 The Duchess of Padua
0%
Short Story 1891 The Fisherman and His Soul
0%
Poem 1881 The Fourth Movement
0%
Poem 1881 The Garden of Eros
0%
Poem 1881 The Grave of Keats
0%
Poem 1881 The Grave of Shelley
0%
Short Story 1888 The Happy Prince
0%
Short Story Collection 1888 The Happy Prince and Other Tales
0%
Poem 1985 The Harlot's House
0%
Poem 1894 The House of Judgement
0%
Poem 1894 The Master
0%
Short Story 1891 The Model Millionaire
0%
Poem 1881 The New Helen
0%
Short Story 1888 The Nightingale and the Rose
0%
Poem 1881 Theocritus
0%
Essay 1885 The Philosophy of Dress
0%
Short Story 1889 The Portrait of Mr. W. H.
0%
Short Story 1888 The Remarkable Rocket
0%
Essay 1905 The Rise of Historical Criticism
0%
Short Story 1888 The Selfish Giant
0%
Essay 1891 The Soul of Man Under Socialism
0%
Poem 1894 The Sphinx
0%
Short Story 1891 The Sphinx Without a Secret
0%
Short Story 1891 The Star-Child
0%
Poem 1894 The Teacher of Wisdom
0%
Short Story 1891 The Young King
0%
Poem 1881 To Milton
0%
Play 1880 Vera
0%
Poem 1881 Wind Flowers
0%
No matching quizzes found
Score Distribution
Percent of People with Each Score
Percentile by Number Answered
Your Score History
You have not taken this quiz since the last reset